Statistics for Towns and cities with unusual names (vol. V)

Click here to take the quiz!

General Stats

  • This quiz has been taken 12 times
  • The average score is 8 of 20

Answer Stats

HintCountry% Correct
TbilisiGeorgia
100%
Bad KissingenGermany
67%
Bobov DolBulgaria
56%
AarsDenmark
56%
Clutter Buck GanjIndia
56%
Qui NhonVietnam
56%
KyzylordaKazakhstan
44%
Gummies BushNew Zealand
44%
VršacSerbia
44%
HaʻatoʻuTonga
44%
QakhAzerbaijan
33%
New Borg El ArabEgypt
33%
MooselookmegunticUSA
33%
Coronel PringlesArgentina
22%
Los SaucesChile
22%
XylofagouCyprus
22%
M'diqMorocco
22%
BankkopSouth Africa
22%
Curry MalletUK
22%
Am DamChad
11%

Score Distribution

Percentile by Number Answered

Percent of People with Each Score

Your Score History

You have not taken this quiz